Fundamentals of the kinetics of particles : (Record no. 40222)

MARC details
000 -LEADER
fixed length control field 00714nam a22002057a 4500
005 - DATE AND TIME OF LATEST TRANSACTION
control field 20100809102336.0
010 ## - LCCN (DPL NO)
LC control number ENG-98959
020 ## - INTERNATIONAL STANDARD BOOK NUMBER
Terms of availability 40.00
International Standard Book Number 9788190720168
035 ## - SYSTEM CONTROL NUMBER
System control number EN-82491
037 ## - SOURCE OF ACQUISITION
Source of stock number/acquisition DBAD/PUB
082 ## - DEWEY DECIMAL CLASSIFICATION NUMBER
Classification number 515.3
100 ## - MAIN ENTRY--PERSONAL NAME
Personal name C. Madhikumar
245 ## - TITLE STATEMENT
Title Fundamentals of the kinetics of particles :
Statement of responsibility, etc by C. Madhikumar
Remainder of title Dynamics /
260 ## - PUBLICATION, DISTRIBUTION, ETC. (IMPRINT)
Place of publication, distribution, etc Vellore
Name of publisher, distributor, etc Anbu Nilayam
Date of publication, distribution, etc 2008
270 ## - ADDRESS
Address 11, Punniyakotti Nagar, Salavanpet
City Tiruchirappalli
Postal code 620002
300 ## - PHYSICAL DESCRIPTION
Extent 81 p.
Dimensions 21 cm. (Pbk)
700 ## - ADDED ENTRY--PERSONAL NAME
9 (RLIN) 7380
942 ## - ADDED ENTRY ELEMENTS (KOHA)
Source of classification or shelving scheme Dewey Decimal Classification
Item type English Books
Classification part 515.3
Call number suffix CMA
Holdings
Withdrawn status Lost status Not for loan Collection code Home library Current library Date acquired Cost, normal purchase price Full call number Barcode Copy number Cost, replacement price Koha item type
    Not For Loan Non-fiction D.B.Act.Division D.B.Act.Division 09/08/2010 40.00 515.3 CMA EN-82491 1 40.00 English Books

© Delhi Public Library
Hit Counter
free hit counter